WWE Trivia 2 - Statistics

General Stats
  • This quiz has been taken 350 times
  • The average score is 17 of 37
Answer Stats
Hint Answer % Correct
What is WWE's flagship weekly program? Monday Night RAW
91%
Who is the ninth wonder of the world? Chyna
79%
Who did WWE lose that famous lawsuit to, forcing it to change names? World Wildlife Foundation
78%
What WWE superstar tragically murdered his family and then committed suicide? Chris Benoit
75%
What does GTS stand for? Go To Sleep
69%
Who were the original Four Horsemen? Ric Flair
68%
Who won the Diva's championship in her debut match? Paige
60%
Who did the 123 Kid later become? X-Pac
59%
What small, Pacific island nation do many WWE superstars descend from? Samoa
58%
Shawn Michaels
56%
Arn Anderson
54%
Who is married to Dean Ambrose? Rene Young
54%
What faction defeated Evolution at Extreme Rules 2014? The Shield
54%
Who did John Cena toss into the most polluted body of water in the country? Edge
52%
What heavy metal band composed many songs for Triple H and Evolution? Motorhead
50%
Who are the sons of WWE superstar IRS? Bray Wyatt
49%
Who does WWE claim went 15 years without losing a match? Andre the Giant
48%
Bo Dallas
47%
Who was the Anonymous RAW General Manager all along? Hornswoggle
47%
Who is the Milan Miracle? Santino Marella
46%
What is Bob Backlund's finisher? Crossface Chickenwing
43%
Who was the first Intercontinental Champion? Pat Patterson
42%
Who is the longest reigning WOMEN's champion of all time? The Fabulous Moola
42%
Who used to carry a guitar with "Don't Piss Me Off" written on it? Jeff Jarrett
41%
By what name is Steve Borden better known? Sting
39%
Who is the Man of 1,000 holds? Dean Malenko
36%
Who took part in the first ladder match in WWE history? Bret Hart
35%
Who invented the Elimination Chamber? Eric Bischoff
31%
Who was the recipient of the "Kiss of Death" at Wrestlemania 28? Daniel Bryan
29%
Tully Blanchard
29%
What was WCW's previous name? NWA
24%
What infamously hatched from a giant egg at Survivor Series 1990? The Gobbledy Gooker
24%
Ole Anderson
22%
At what Pay Per View did The Big Show make his debut? St. Valentine's Day Massacre
21%
Who is considered the first three man tag team? The Fabulous Freebirds
20%
What was the name of The British Bulldogs' pet bulldog? Matilda
15%
Who is The Rock's grandfather? Chief Peter Maivia
4%
No matching quizzes found
Score Distribution
Percent of People with Each Score
Percentile by Number Answered
Your Score History
You have not taken this quiz